[Event "ODJM A 2024"]
[Site "Willingen GER"]
[Date "2024.05.22"]
[Round "5"]
[White "Kamp, Aaron"]
[Black "Nguyen, Phuc Nhat"]
[Result "1-0"]
[Termination "normal"]
[Board "11"]
[WhiteElo "1996"]
[BlackElo "1893"]
[WhiteClock "00:27:17"]
[BlackClock "00:14:55"]
[PlyCount "109"]
[WhiteFideId "16231120"]
[BlackFideId "16253590"]
[EventCountry "GER"]
[EventRounds "9"]
[EventType "swiss"]
[EventDate "2024.05.18"]

1. e4 {[%clk 01:30:57]} {[%emt 00:00:02]} e5 {[%clk 01:30:51]} {[%emt
00:00:09]} 2. d4 {[%clk 01:31:20]} {[%emt 00:00:07]} Nc6 {[%clk 01:31:13]}
{[%emt 00:00:08]} 3. Nf3 {[%clk 01:31:44]} {[%emt 00:00:06]} exd4 {[%clk
01:31:39]} {[%emt 00:00:06]} 4. Bc4 {[%clk 01:32:08]} {[%emt 00:00:05]} Nf6
{[%clk 01:32:03]} {[%emt 00:00:06]} 5. e5 {[%clk 01:32:33]} {[%emt 00:00:05]}
d5 {[%clk 01:32:29]} {[%emt 00:00:05]} 6. Bb5 {[%clk 01:32:57]} {[%emt
00:00:06]} Ne4 {[%clk 01:32:55]} {[%emt 00:00:04]} 7. Nxd4 {[%clk 01:33:17]}
{[%emt 00:00:09]} Bd7 {[%clk 01:33:22]} {[%emt 00:00:03]} 8. Bxc6 {[%clk
01:33:38]} {[%emt 00:00:09]} bxc6 {[%clk 01:33:47]} {[%emt 00:00:05]} 9. O-O
{[%clk 01:33:58]} {[%emt 00:00:09]} Bc5 {[%clk 01:34:13]} {[%emt 00:00:05]} 10.
f3 {[%clk 01:34:20]} {[%emt 00:00:07]} Ng5 {[%clk 01:34:41]} {[%emt 00:00:03]}
11. Be3 {[%clk 01:34:41]} {[%emt 00:00:09]} Bb6 {[%clk 01:35:04]} {[%emt
00:00:07]} 12. f4 {[%clk 01:34:47]} {[%emt 00:00:22]} Ne4 {[%clk 01:35:31]}
{[%emt 00:00:04]} 13. Nd2 {[%clk 01:34:21]} {[%emt 00:00:56]} Nxd2 {[%clk
01:35:53]} {[%emt 00:00:09]} 14. Qxd2 {[%clk 01:34:43]} {[%emt 00:00:08]} c5
{[%clk 01:36:19]} {[%emt 00:00:04]} 15. Nf3 {[%clk 01:34:48]} {[%emt 00:00:24]}
d4 {[%clk 01:36:46]} {[%emt 00:00:04]} 16. Bf2 {[%clk 01:35:09]} {[%emt
00:00:07]} Bc6 {[%clk 01:37:14]} {[%emt 00:00:04]} 17. Bh4 {[%clk 01:35:04]}
{[%emt 00:00:34]} Qd7 {[%clk 01:37:41]} {[%emt 00:00:04]} 18. Rad1 {[%clk
01:31:58]} {[%emt 00:03:35]} Qf5 {[%clk 01:38:01]} {[%emt 00:00:10]} 19. e6
{[%clk 01:28:45]} {[%emt 00:03:43]} Bxf3 {[%clk 01:26:13]} {[%emt 00:12:19]}
20. exf7+ {[%clk 01:28:48]} {[%emt 00:00:26]} Kxf7 {[%clk 01:26:37]} {[%emt
00:00:07]} 21. Rxf3 {[%clk 01:28:21]} {[%emt 00:00:56]} Rae8 {[%clk 01:24:03]}
{[%emt 00:03:05]} 22. Bf2 {[%clk 01:24:43]} {[%emt 00:04:07]} Rhf8 {[%clk
01:16:33]} {[%emt 00:08:00]} 23. c3 {[%clk 01:21:58]} {[%emt 00:03:15]} Kg8
{[%clk 01:05:40]} {[%emt 00:11:23]} 24. a4 {[%clk 00:58:22]} {[%emt 00:24:06]}
Re4 {[%clk 00:52:02]} {[%emt 00:14:08]} 25. cxd4 {[%clk 00:35:59]} {[%emt
00:22:54]} cxd4 {[%clk 00:49:49]} {[%emt 00:02:42]} 26. b4 {[%clk 00:36:13]}
{[%emt 00:00:16]} a5 {[%clk 00:47:40]} {[%emt 00:02:41]} 27. bxa5 {[%clk
00:33:21]} {[%emt 00:03:21]} Bxa5 {[%clk 00:43:56]} {[%emt 00:04:14]} 28. Qa2+
{[%clk 00:33:13]} {[%emt 00:00:37]} Qf7 {[%clk 00:23:07]} {[%emt 00:21:19]} 29.
Qxf7+ {[%clk 00:32:57]} {[%emt 00:00:46]} Kxf7 {[%clk 00:23:07]} {[%emt
00:00:31]} 30. Rxd4 {[%clk 00:32:18]} {[%emt 00:01:08]} Rxd4 {[%clk 00:22:43]}
{[%emt 00:00:55]} 31. Bxd4 {[%clk 00:32:38]} {[%emt 00:00:09]} Rd8 {[%clk
00:23:07]} {[%emt 00:00:06]} 32. Bc3 {[%clk 00:28:14]} {[%emt 00:04:52]} Bxc3
{[%clk 00:21:21]} {[%emt 00:02:19]} 33. Rxc3 {[%clk 00:28:37]} {[%emt
00:00:06]} Rd4 {[%clk 00:21:50]} {[%emt 00:00:02]} 34. Rxc7+ {[%clk 00:25:00]}
{[%emt 00:04:06]} Kf6 {[%clk 00:20:43]} {[%emt 00:01:36]} 35. a5 {[%clk
00:21:26]} {[%emt 00:04:05]} Rxf4 {[%clk 00:21:04]} {[%emt 00:00:10]} 36. a6
{[%clk 00:20:49]} {[%emt 00:01:06]} Ra4 {[%clk 00:19:32]} {[%emt 00:02:02]} 37.
a7 {[%clk 00:20:04]} {[%emt 00:01:14]} Ra2 {[%clk 00:19:18]} {[%emt 00:00:45]}
38. Kf1 {[%clk 00:14:23]} {[%emt 00:06:11]} h5 {[%clk 00:19:31]} {[%emt
00:00:16]} 39. Ke1 {[%clk 00:13:40]} {[%emt 00:01:13]} g5 {[%clk 00:13:34]}
{[%emt 00:06:28]} 40. Kd1 {[%clk 00:12:29]} {[%emt 00:01:41]} h4 {[%clk
00:12:28]} {[%emt 00:01:37]} 41. Kc1 {[%clk 00:11:40]} {[%emt 00:01:18]} Kf5
{[%clk 00:11:46]} {[%emt 00:01:13]} 42. Kb1 {[%clk 00:11:25]} {[%emt 00:00:45]}
Ra6 {[%clk 00:11:51]} {[%emt 00:00:24]} 43. Kb2 {[%clk 00:06:56]} {[%emt
00:05:00]} Kf4 {[%clk 00:10:12]} {[%emt 00:02:09]} 44. Kb3 {[%clk 00:03:02]}
{[%emt 00:04:23]} Ke3 {[%clk 00:10:10]} {[%emt 00:00:33]} 45. Rf7 {[%clk
00:03:17]} {[%emt 00:00:14]} g4 {[%clk 00:08:59]} {[%emt 00:01:42]} 46. Kb4
{[%clk 00:03:08]} {[%emt 00:00:40]} Ra2 {[%clk 00:06:47]} {[%emt 00:02:42]} 47.
Kb5 {[%clk 00:29:53]} {[%emt 00:03:44]} Rb2+ {[%clk 00:35:47]} {[%emt
00:01:30]} 48. Kc6 {[%clk 00:28:46]} {[%emt 00:01:36]} Rc2+ {[%clk 00:35:33]}
{[%emt 00:00:46]} 49. Kb7 {[%clk 00:28:32]} {[%emt 00:00:43]} Rb2+ {[%clk
00:35:37]} {[%emt 00:00:26]} 50. Kc7 {[%clk 00:28:07]} {[%emt 00:00:56]} Ra2
{[%clk 00:16:14]} {[%emt 00:19:53]} 51. Kb8 {[%clk 00:28:17]} {[%emt 00:00:20]}
Rb2+ {[%clk 00:14:58]} {[%emt 00:01:46]} 52. Rb7 {[%clk 00:28:06]} {[%emt
00:00:40]} Rxb7+ {[%clk 00:14:50]} {[%emt 00:00:39]} 53. Kxb7 {[%clk 00:28:23]}
{[%emt 00:00:12]} Kf2 {[%clk 00:14:48]} {[%emt 00:00:33]} 54. g3 {[%clk
00:26:54]} {[%emt 00:01:58]} hxg3 {[%clk 00:14:55]} {[%emt 00:00:24]} 55. hxg3
{[%clk 00:27:17]} {[%emt 00:00:06]} 1-0

[Event "ODJM A 2024"]
[Site "Willingen GER"]
[Date "2024.05.22"]
[Round "5"]
[White "Schäfer, Daniel"]
[Black "Pfaar, Zeno"]
[Result "1-0"]
[Termination "normal"]
[Board "12"]
[WhiteElo "1916"]
[BlackElo "1961"]
[WhiteClock "00:02:40"]
[BlackClock "00:01:51"]
[PlyCount "61"]
[WhiteFideId "16235088"]
[BlackFideId "34614567"]
[EventCountry "GER"]
[EventRounds "9"]
[EventType "swiss"]
[EventDate "2024.05.18"]

1. d4 {[%clk 01:30:58]} {[%emt 00:00:01]} Nf6 {[%clk 01:30:54]} {[%emt
00:00:06]} 2. c4 {[%clk 01:31:25]} {[%emt 00:00:03]} e6 {[%clk 01:31:20]}
{[%emt 00:00:04]} 3. Nc3 {[%clk 01:31:50]} {[%emt 00:00:05]} Bb4 {[%clk
01:31:42]} {[%emt 00:00:08]} 4. Qc2 {[%clk 01:32:17]} {[%emt 00:00:03]} d5
{[%clk 01:32:06]} {[%emt 00:00:06]} 5. cxd5 {[%clk 01:32:39]} {[%emt 00:00:08]}
exd5 {[%clk 01:32:29]} {[%emt 00:00:07]} 6. Nf3 {[%clk 01:32:43]} {[%emt
00:00:26]} c5 {[%clk 01:32:48]} {[%emt 00:00:10]} 7. Bg5 {[%clk 00:54:50]}
{[%emt 00:38:24]} h6 {[%clk 01:28:47]} {[%emt 00:04:31]} 8. Bxf6 {[%clk
00:50:53]} {[%emt 00:04:27]} Qxf6 {[%clk 01:29:07]} {[%emt 00:00:09]} 9. e3
{[%clk 00:49:08]} {[%emt 00:02:16]} c4 {[%clk 01:19:10]} {[%emt 00:10:26]} 10.
Nd2 {[%clk 00:38:17]} {[%emt 00:11:22]} Bxc3 {[%clk 01:16:38]} {[%emt
00:03:02]} 11. bxc3 {[%clk 00:36:43]} {[%emt 00:02:03]} Bf5 {[%clk 01:14:52]}
{[%emt 00:02:15]} 12. e4 {[%clk 00:29:33]} {[%emt 00:07:42]} Qe7 {[%clk
01:07:24]} {[%emt 00:07:57]} 13. g3 {[%clk 00:18:15]} {[%emt 00:11:48]} O-O
{[%clk 00:37:31]} {[%emt 00:30:23]} 14. Be2 {[%clk 00:11:06]} {[%emt 00:07:40]}
Bh3 {[%clk 00:26:05]} {[%emt 00:11:55]} 15. f3 {[%clk 00:10:39]} {[%emt
00:00:57]} f5 {[%clk 00:18:25]} {[%emt 00:08:10]} 16. exd5 {[%clk 00:04:13]}
{[%emt 00:06:57]} Re8 {[%clk 00:18:46]} {[%emt 00:00:09]} 17. Nxc4 {[%clk
00:04:35]} {[%emt 00:00:08]} Bg2 {[%clk 00:18:07]} {[%emt 00:01:08]} 18. Kf2
{[%clk 00:04:54]} {[%emt 00:00:11]} Bxh1 {[%clk 00:18:23]} {[%emt 00:00:14]}
19. Rxh1 {[%clk 00:05:23]} Nd7 {[%clk 00:16:47]} {[%emt 00:02:07]} 20. Rb1
{[%clk 00:04:21]} {[%emt 00:01:31]} b6 {[%clk 00:08:59]} {[%emt 00:08:18]} 21.
f4 {[%clk 00:04:29]} {[%emt 00:00:22]} Rac8 {[%clk 00:08:10]} {[%emt 00:01:19]}
22. Ne5 {[%clk 00:03:21]} {[%emt 00:01:39]} Nxe5 {[%clk 00:07:36]} {[%emt
00:01:03]} 23. fxe5 {[%clk 00:03:41]} {[%emt 00:00:11]} f4 {[%clk 00:05:38]}
{[%emt 00:02:27]} 24. d6 {[%clk 00:03:00]} {[%emt 00:01:12]} fxg3+ {[%clk
00:05:39]} {[%emt 00:00:28]} 25. hxg3 {[%clk 00:03:28]} {[%emt 00:00:03]} Rf8+
{[%clk 00:05:47]} {[%emt 00:00:21]} 26. Kg2 {[%clk 00:03:45]} {[%emt 00:00:13]}
Qb7+ {[%clk 00:05:11]} {[%emt 00:01:06]} 27. Kg1 {[%clk 00:03:05]} {[%emt
00:01:11]} Qc6 {[%clk 00:03:22]} {[%emt 00:02:18]} 28. c4 {[%clk 00:02:42]}
{[%emt 00:00:53]} b5 {[%clk 00:03:39]} {[%emt 00:00:13]} 29. c5 {[%clk
00:02:45]} {[%emt 00:00:28]} a6 {[%clk 00:03:04]} {[%emt 00:01:05]} 30. Bg4
{[%clk 00:02:22]} {[%emt 00:00:53]} Qd5 {[%clk 00:01:51]} {[%emt 00:01:43]} 31.
Qb3 {[%clk 00:02:40]} {[%emt 00:00:13]} 1-0

[Event "ODJM A 2024"]
[Site "Willingen GER"]
[Date "2024.05.22"]
[Round "5"]
[White "Drygala, Lars"]
[Black "Weyerer, Noah"]
[Result "1-0"]
[Termination "normal"]
[Board "13"]
[WhiteElo "1994"]
[BlackElo "1869"]
[WhiteClock "01:08:51"]
[BlackClock "00:31:55"]
[PlyCount "119"]
[WhiteFideId "34617779"]
[BlackFideId "16250664"]
[EventCountry "GER"]
[EventRounds "9"]
[EventType "swiss"]
[EventDate "2024.05.18"]

1. d4 {[%clk 01:30:57]} {[%emt 00:00:02]} e6 {[%clk 01:30:54]} {[%emt
00:00:07]} 2. Bf4 {[%clk 01:31:14]} {[%emt 00:00:13]} f5 {[%clk 01:31:10]}
{[%emt 00:00:14]} 3. e3 {[%clk 01:31:20]} {[%emt 00:00:24]} Nf6 {[%clk
01:31:15]} {[%emt 00:00:25]} 4. Nf3 {[%clk 01:31:36]} {[%emt 00:00:14]} b6
{[%clk 01:30:56]} {[%emt 00:00:49]} 5. h3 {[%clk 01:31:51]} {[%emt 00:00:15]}
Bd6 {[%clk 01:30:32]} {[%emt 00:00:55]} 6. Bxd6 {[%clk 01:29:00]} {[%emt
00:03:20]} cxd6 {[%clk 01:30:51]} {[%emt 00:00:11]} 7. c4 {[%clk 01:29:01]}
{[%emt 00:00:29]} Bb7 {[%clk 01:30:23]} {[%emt 00:00:58]} 8. Nc3 {[%clk
01:28:10]} {[%emt 00:01:21]} d5 {[%clk 01:28:49]} {[%emt 00:02:04]} 9. Rc1
{[%clk 01:25:09]} {[%emt 00:03:31]} O-O {[%clk 01:22:29]} {[%emt 00:06:50]} 10.
cxd5 {[%clk 01:24:11]} {[%emt 00:01:28]} Nxd5 {[%clk 01:22:49]} {[%emt
00:00:11]} 11. Bc4 {[%clk 01:22:21]} {[%emt 00:02:19]} Nxc3 {[%clk 01:21:04]}
{[%emt 00:02:15]} 12. Rxc3 {[%clk 01:22:27]} {[%emt 00:00:23]} Qf6 {[%clk
00:59:12]} {[%emt 00:22:23]} 13. O-O {[%clk 01:14:23]} {[%emt 00:08:34]} d6
{[%clk 00:41:06]} {[%emt 00:18:36]} 14. Qb3 {[%clk 01:08:54]} {[%emt 00:05:59]}
Re8 {[%clk 00:37:20]} {[%emt 00:04:15]} 15. d5 {[%clk 00:58:19]} {[%emt
00:11:06]} e5 {[%clk 00:34:54]} {[%emt 00:02:56]} 16. Bb5 {[%clk 00:58:18]}
{[%emt 00:00:31]} Re7 {[%clk 00:33:53]} {[%emt 00:01:31]} 17. Bc6 {[%clk
00:57:38]} {[%emt 00:01:11]} Na6 {[%clk 00:31:44]} {[%emt 00:02:38]} 18. Bxb7
{[%clk 00:50:18]} {[%emt 00:07:50]} Rxb7 {[%clk 00:31:59]} {[%emt 00:00:15]}
19. Qb5 {[%clk 00:50:28]} {[%emt 00:00:20]} Nc5 {[%clk 00:30:05]} {[%emt
00:02:24]} 20. Nd2 {[%clk 00:48:46]} {[%emt 00:02:11]} a5 {[%clk 00:21:13]}
{[%emt 00:09:23]} 21. Qc6 {[%clk 00:47:59]} {[%emt 00:01:16]} Qe7 {[%clk
00:14:47]} {[%emt 00:06:57]} 22. Nc4 {[%clk 00:46:37]} {[%emt 00:01:53]} Ne4
{[%clk 00:09:45]} {[%emt 00:05:31]} 23. Rb3 {[%clk 00:45:26]} {[%emt 00:01:41]}
Rab8 {[%clk 00:06:33]} {[%emt 00:03:43]} 24. Rxb6 {[%clk 00:43:51]} {[%emt
00:02:04]} Rxb6 {[%clk 00:06:58]} {[%emt 00:00:05]} 25. Nxb6 {[%clk 00:44:16]}
{[%emt 00:00:05]} Qd8 {[%clk 00:03:05]} {[%emt 00:04:23]} 26. Nc4 {[%clk
00:41:38]} {[%emt 00:03:08]} Rc8 {[%clk 00:01:38]} {[%emt 00:01:57]} 27. Qa6
{[%clk 00:41:43]} {[%emt 00:00:26]} Ra8 {[%clk 00:01:24]} {[%emt 00:00:43]} 28.
Qb6 {[%clk 00:41:46]} {[%emt 00:00:26]} Qxb6 {[%clk 00:01:13]} {[%emt
00:00:42]} 29. Nxb6 {[%clk 00:42:10]} {[%emt 00:00:05]} Rb8 {[%clk 00:01:15]}
{[%emt 00:00:29]} 30. Nc4 {[%clk 00:42:18]} {[%emt 00:00:22]} Rb4 {[%clk
00:01:02]} {[%emt 00:00:43]} 31. Rc1 {[%clk 00:42:11]} {[%emt 00:00:36]} g6
{[%clk 00:00:38]} {[%emt 00:00:55]} 32. Rc2 {[%clk 00:41:22]} {[%emt 00:01:19]}
Nf6 {[%clk 00:00:39]} {[%emt 00:00:29]} 33. Nxd6 {[%clk 00:40:33]} {[%emt
00:01:20]} Nxd5 {[%clk 00:01:03]} {[%emt 00:00:05]} 34. a3 {[%clk 00:40:51]}
{[%emt 00:00:12]} Rb6 {[%clk 00:00:49]} {[%emt 00:00:45]} 35. Nc4 {[%clk
00:39:21]} {[%emt 00:01:59]} Rc6 {[%clk 00:00:39]} {[%emt 00:00:40]} 36. Rd2
{[%clk 00:39:46]} {[%emt 00:00:05]} Nf6 {[%clk 00:00:32]} {[%emt 00:00:36]} 37.
Nxa5 {[%clk 00:39:47]} {[%emt 00:00:30]} Rc7 {[%clk 00:00:32]} {[%emt
00:00:29]} 38. Rd8+ {[%clk 00:38:42]} {[%emt 00:01:35]} Kf7 {[%clk 00:00:37]}
{[%emt 00:00:26]} 39. Rb8 {[%clk 00:38:42]} {[%emt 00:00:30]} Ke6 {[%clk
00:00:33]} {[%emt 00:00:34]} 40. Rb6+ {[%clk 00:38:50]} {[%emt 00:00:22]} Kf7
{[%clk 00:00:31]} 41. Rb7 {[%clk 00:37:29]} {[%emt 00:02:22]} Rxb7 {[%clk
00:30:30]} 42. Nxb7 {[%clk 01:07:54]} {[%emt 00:00:37]} Ke6 {[%clk 00:30:56]}
{[%emt 00:00:04]} 43. Kf1 {[%clk 01:07:57]} {[%emt 00:00:26]} Kd5 {[%clk
00:31:12]} {[%emt 00:00:15]} 44. Na5 {[%clk 01:08:02]} {[%emt 00:00:24]} Kc5
{[%clk 00:31:14]} {[%emt 00:00:29]} 45. Ke2 {[%clk 01:08:19]} {[%emt 00:00:12]}
Kb5 {[%clk 00:31:38]} {[%emt 00:00:07]} 46. Nb3 {[%clk 01:08:42]} {[%emt
00:00:08]} Ka4 {[%clk 00:31:47]} {[%emt 00:00:20]} 47. Nd2 {[%clk 01:08:52]}
{[%emt 00:00:20]} e4 {[%clk 00:31:37]} {[%emt 00:00:40]} 48. Kd1 {[%clk
01:08:48]} {[%emt 00:00:33]} Nd7 {[%clk 00:31:59]} {[%emt 00:00:09]} 49. Kc2
{[%clk 01:08:42]} {[%emt 00:00:35]} Ne5 {[%clk 00:32:06]} {[%emt 00:00:23]} 50.
f3 {[%clk 01:07:50]} {[%emt 00:01:22]} exf3 {[%clk 00:32:31]} {[%emt 00:00:05]}
51. Nxf3 {[%clk 01:07:59]} {[%emt 00:00:22]} Nf7 {[%clk 00:32:36]} {[%emt
00:00:25]} 52. Kc3 {[%clk 01:07:46]} {[%emt 00:00:42]} Nd6 {[%clk 00:32:56]}
{[%emt 00:00:10]} 53. Nd2 {[%clk 01:07:58]} {[%emt 00:00:18]} g5 {[%clk
00:32:45]} {[%emt 00:00:42]} 54. b3+ {[%clk 01:08:04]} {[%emt 00:00:24]} Kb5
{[%clk 00:33:10]} {[%emt 00:00:05]} 55. Kd4 {[%clk 01:08:24]} {[%emt 00:00:08]}
Nf7 {[%clk 00:31:42]} {[%emt 00:02:00]} 56. Kd5 {[%clk 01:08:20]} {[%emt
00:00:33]} g4 {[%clk 00:31:54]} {[%emt 00:00:18]} 57. h4 {[%clk 01:08:23]}
{[%emt 00:00:27]} g3 {[%clk 00:31:55]} {[%emt 00:00:29]} 58. Ke6 {[%clk
01:08:06]} {[%emt 00:00:47]} Nh6 {[%clk 00:32:00]} {[%emt 00:00:25]} 59. Nc4
{[%clk 01:08:29]} {[%emt 00:00:07]} Ng4 {[%clk 00:31:55]} {[%emt 00:00:35]} 60.
Kxf5 {[%clk 01:08:51]} {[%emt 00:00:09]} 1-0

[Event "ODJM A 2024"]
[Site "Willingen GER"]
[Date "2024.05.22"]
[Round "5"]
[White "Niesel, Tobias"]
[Black "Tulchynsky, David"]
[Result "1-0"]
[Termination "normal"]
[Board "14"]
[WhiteElo "1943"]
[BlackElo "1854"]
[WhiteClock "00:24:15"]
[BlackClock "00:01:37"]
[PlyCount "67"]
[WhiteFideId "12962155"]
[BlackFideId "16289560"]
[EventCountry "GER"]
[EventRounds "9"]
[EventType "swiss"]
[EventDate "2024.05.18"]

1. c4 {[%clk 01:30:56]} {[%emt 00:00:03]} g6 {[%clk 01:30:35]} {[%emt
00:00:26]} 2. g3 {[%clk 01:31:17]} {[%emt 00:00:08]} Bg7 {[%clk 01:31:02]}
{[%emt 00:00:04]} 3. Bg2 {[%clk 01:31:36]} {[%emt 00:00:10]} d6 {[%clk
01:31:18]} {[%emt 00:00:14]} 4. Nc3 {[%clk 01:31:47]} {[%emt 00:00:20]} c5
{[%clk 01:31:33]} {[%emt 00:00:15]} 5. a3 {[%clk 01:30:49]} {[%emt 00:01:29]}
a5 {[%clk 01:30:20]} {[%emt 00:01:42]} 6. e3 {[%clk 01:30:46]} {[%emt
00:00:32]} Nc6 {[%clk 01:29:00]} {[%emt 00:01:51]} 7. d3 {[%clk 01:28:58]}
{[%emt 00:02:18]} e5 {[%clk 01:26:21]} {[%emt 00:03:09]} 8. Nge2 {[%clk
01:28:31]} {[%emt 00:00:56]} Nge7 {[%clk 01:25:58]} {[%emt 00:00:53]} 9. O-O
{[%clk 01:26:49]} {[%emt 00:02:12]} O-O {[%clk 01:26:18]} {[%emt 00:00:10]} 10.
Rb1 {[%clk 01:26:51]} {[%emt 00:00:29]} Be6 {[%clk 01:21:39]} {[%emt 00:05:09]}
11. Nd5 {[%clk 01:27:06]} {[%emt 00:00:15]} f5 {[%clk 01:19:17]} {[%emt
00:02:52]} 12. Bd2 {[%clk 01:22:47]} {[%emt 00:04:49]} Bf7 {[%clk 00:59:25]}
{[%emt 00:20:21]} 13. Nec3 {[%clk 01:16:36]} {[%emt 00:06:41]} Rb8 {[%clk
00:40:53]} {[%emt 00:19:03]} 14. Qa4 {[%clk 01:05:34]} {[%emt 00:11:32]} Re8
{[%clk 00:34:33]} {[%emt 00:06:50]} 15. Rfe1 {[%clk 00:57:08]} {[%emt
00:08:55]} Nxd5 {[%clk 00:34:09]} {[%emt 00:00:55]} 16. cxd5 {[%clk 00:56:13]}
{[%emt 00:01:25]} Ne7 {[%clk 00:32:15]} {[%emt 00:02:24]} 17. b4 {[%clk
00:54:27]} {[%emt 00:02:15]} axb4 {[%clk 00:32:13]} {[%emt 00:00:32]} 18. axb4
{[%clk 00:54:51]} {[%emt 00:00:06]} b5 {[%clk 00:30:21]} {[%emt 00:02:23]} 19.
Qb3 {[%clk 00:52:14]} {[%emt 00:03:07]} e4 {[%clk 00:26:27]} {[%emt 00:04:24]}
20. dxe4 {[%clk 00:50:29]} {[%emt 00:02:15]} c4 {[%clk 00:26:49]} {[%emt
00:00:07]} 21. Qc2 {[%clk 00:50:21]} {[%emt 00:00:38]} fxe4 {[%clk 00:27:11]}
{[%emt 00:00:08]} 22. Bxe4 {[%clk 00:49:59]} {[%emt 00:00:53]} Bxc3 {[%clk
00:27:29]} {[%emt 00:00:12]} 23. Qxc3 {[%clk 00:50:05]} {[%emt 00:00:24]} Bxd5
{[%clk 00:25:17]} {[%emt 00:02:41]} 24. Bxd5+ {[%clk 00:48:49]} {[%emt
00:01:46]} Nxd5 {[%clk 00:25:46]} {[%emt 00:00:01]} 25. Qd4 {[%clk 00:49:08]}
{[%emt 00:00:11]} Nf6 {[%clk 00:23:53]} {[%emt 00:02:23]} 26. Bc3 {[%clk
00:48:10]} {[%emt 00:01:29]} Kf7 {[%clk 00:23:16]} {[%emt 00:01:07]} 27. Ra1
{[%clk 00:44:56]} {[%emt 00:03:44]} Rb7 {[%clk 00:20:09]} {[%emt 00:03:37]} 28.
Ra6 {[%clk 00:43:15]} {[%emt 00:02:11]} Re6 {[%clk 00:17:23]} {[%emt 00:03:15]}
29. Rea1 {[%clk 00:37:14]} {[%emt 00:06:31]} g5 {[%clk 00:07:06]} {[%emt
00:10:48]} 30. h4 {[%clk 00:32:57]} {[%emt 00:04:46]} gxh4 {[%clk 00:06:22]}
{[%emt 00:01:14]} 31. Qxh4 {[%clk 00:32:40]} {[%emt 00:00:47]} Kg6 {[%clk
00:01:57]} {[%emt 00:04:55]} 32. Ra8 {[%clk 00:29:54]} {[%emt 00:03:16]} Qe7
{[%clk 00:01:45]} {[%emt 00:00:42]} 33. g4 {[%clk 00:24:15]} {[%emt 00:06:09]}
Ne4 {[%clk 00:01:37]} {[%emt 00:00:38]} 34. Qh5# {[%emt 00:01:56]} 1-0

[Event "ODJM A 2024"]
[Site "Willingen GER"]
[Date "2024.05.22"]
[Round "5"]
[White "Gold, Jan Christian"]
[Black "Bilenko, Yaroslav"]
[Result "1/2-1/2"]
[Termination "normal"]
[Board "15"]
[WhiteElo "1969"]
[BlackElo "2136"]
[WhiteClock "01:25:26"]
[BlackClock "00:48:42"]
[PlyCount "96"]
[WhiteFideId "16298128"]
[BlackFideId "34120165"]
[EventCountry "GER"]
[EventRounds "9"]
[EventType "swiss"]
[EventDate "2024.05.18"]

1. d4 {[%clk 01:30:11]} {[%emt 00:00:49]} Nf6 {[%clk 01:30:43]} {[%emt
00:00:17]} 2. c4 {[%clk 01:30:33]} {[%emt 00:00:07]} e6 {[%clk 01:30:58]}
{[%emt 00:00:15]} 3. Nf3 {[%clk 01:30:26]} {[%emt 00:00:37]} c5 {[%clk
01:30:51]} {[%emt 00:00:38]} 4. dxc5 {[%clk 01:30:47]} {[%emt 00:00:09]} Bxc5
{[%clk 01:30:50]} {[%emt 00:00:31]} 5. g3 {[%clk 01:31:08]} {[%emt 00:00:08]}
b6 {[%clk 01:26:20]} {[%emt 00:05:01]} 6. Bg2 {[%clk 01:30:42]} {[%emt
00:00:55]} Bb7 {[%clk 01:26:14]} {[%emt 00:00:37]} 7. O-O {[%clk 01:30:56]}
{[%emt 00:00:16]} Be7 {[%clk 01:19:39]} {[%emt 00:07:05]} 8. Nc3 {[%clk
01:30:08]} {[%emt 00:01:18]} O-O {[%clk 01:19:05]} {[%emt 00:01:04]} 9. Bf4
{[%clk 01:29:26]} {[%emt 00:01:12]} d6 {[%emt 00:01:38]} 10. b4 d5 11. Qb3 Na6
12. a3 dxc4 13. Qxc4 Rc8 14. Qb3 Nc7 15. Rfd1 {[%clk 01:25:26]} Qe8 {[%clk
00:48:42]} 16. Rac1 {[%clk 01:25:26]} Ncd5 {[%clk 00:48:42]} 17. Be5 {[%clk
01:25:26]} Nxc3 {[%clk 00:48:42]} 18. Bxc3 {[%clk 01:25:26]} Nd5 {[%clk
00:48:42]} 19. Bb2 {[%clk 01:25:26]} Bf6 {[%clk 00:48:42]} 20. Nd4 {[%clk
01:25:26]} h5 {[%clk 00:48:42]} 21. h4 {[%clk 01:25:26]} Rxc1 {[%clk 00:48:42]}
22. Rxc1 {[%clk 01:25:26]} Qd7 {[%clk 00:48:42]} 23. b5 {[%clk 01:25:26]} Rc8
{[%clk 00:48:42]} 24. Rxc8+ {[%clk 01:25:26]} Qxc8 {[%clk 00:48:42]} 25. Bf3
{[%clk 01:25:26]} Ne7 {[%clk 00:48:42]} 26. Nc6 {[%clk 01:25:26]} Nxc6 {[%clk
00:48:42]} 27. bxc6 {[%clk 01:25:26]} Bxc6 {[%clk 00:48:42]} 28. Bxf6 {[%clk
01:25:26]} gxf6 {[%clk 00:48:42]} 29. Qc3 {[%clk 01:25:26]} Bb7 {[%clk
00:48:42]} 30. Qxf6 {[%clk 01:25:26]} Bxf3 {[%clk 00:48:42]} 31. Qxf3 {[%clk
01:25:26]} Qc1+ {[%clk 00:48:42]} 32. Kg2 {[%clk 01:25:26]} Qc5 {[%clk
00:48:42]} 33. a4 {[%clk 01:25:26]} a5 {[%clk 00:48:42]} 34. e4 {[%clk
01:25:26]} Qe5 {[%clk 00:48:42]} 35. Qe3 {[%clk 01:25:26]} Kf8 {[%clk
00:48:42]} 36. Kf3 {[%clk 01:25:26]} Qb2 {[%clk 00:48:42]} 37. Qh6+ {[%clk
01:25:26]} Ke8 {[%clk 00:48:42]} 38. Qxh5 {[%clk 01:25:26]} Qb3+ {[%clk
00:48:42]} 39. Kf4 {[%clk 01:25:26]} Qxa4 {[%clk 00:48:42]} 40. Qh8+ {[%clk
01:25:26]} Ke7 {[%clk 00:48:42]} 41. h5 {[%clk 01:25:26]} Qd1 {[%clk 00:48:42]}
42. h6 {[%clk 01:25:26]} Qd2+ {[%clk 00:48:42]} 43. Kg4 {[%clk 01:25:26]} Qxf2
{[%clk 00:48:42]} 44. h7 {[%clk 01:25:26]} f5+ {[%clk 00:48:42]} 45. exf5
{[%clk 01:25:26]} exf5+ {[%clk 00:48:42]} 46. Kh3 {[%clk 01:25:26]} Qf1+ {[%clk
00:48:42]} 47. Kh4 {[%clk 01:25:26]} Qc4+ {[%clk 00:48:42]} 48. Kh3 {[%clk
01:25:26]} Qf1+ {[%clk 00:48:42]} 1/2-1/2